[Event "American Continental-ch 2018"]
[Site "Montevideo"]
[Date "2018.06.07"]
[Round "7"]
[White "Cori Quispe, Kevin Joel"]
[Black "Perez Ponsa, Federico"]
[Result "1/2-1/2"]
[WhiteElo "2468"]
[BlackElo "2556"]
[Annotator "TA"]
[PlyCount "40"]
[EventDate "2018.??.??"]
[EventType "swiss"]
[EventCountry "URU"]
[SourceTitle "playchess.com"]
[Source "ChessBase"]
[SourceQuality "1"]

{[%evp 16,40,0,0,0,-6,6,-38,-16,-114,-114,-111,-91,-117,-48,-64,-50,-66,-55,-59,-49,-43,-46,-48,0,0,-4]} 1. e4 c6 {[%cal Bc7c6,Bc6c5][%mdl 32]} 2. d4 d5 3. e5 Bf5 4. Nf3 e6 5. Be2 Ne7 6. O-O c5 7. c4 Nbc6 8. Nc3 {B12: Caro-Kann (Vorstoß-Variante)} dxc4 9. Bg5 {LiveBook: 3 Partien} Qd7 $146 {[%cal Rc6d4]} ({Vorgänger:} 9... a6 10. Nd2 Qxd4 11. Be3 Qd8 12. Nxc4 Nd5 13. Bf3 Nxe3 14. fxe3 Bd3 15. Qa4 Qc7 {1-0 (29) Sjugirov,S (2652)-Esipenko,A (2571) Moscow 2018}) 10. dxc5 Nd5 11. Na4 h6 12. Bh4 (12. Bd2 $11) 12... g5 $17 13. Bg3 {[#]} h5 $1 {[%cal Rh5h4] Weiss muss nun ...h4 beachten.} 14. h3 h4 ({Besser ist} 14... Be7 $17 15. Rc1 g4 16. hxg4 hxg4) 15. Bh2 $15 g4 16. hxg4 Bxg4 17. Nd2 Bxe2 18. Qxe2 h3 {...Sd4 ist eine echte Drohung.} 19. g4 $1 Na5 20. Nc3 $1 Nxc3 {Precision: Weiß = 59%, Schwarz = 68%.} ({Bloß nicht} 20... Bxc5 21. Nde4 $17) 1/2-1/2

[Event "American Continental-ch 2018"]
[Site "Montevideo"]
[Date "2018.06.07"]
[Round "7"]
[White "Vazquez, Guillermo"]
[Black "Madeira, Wagner Martins"]
[Result "1-0"]
[WhiteElo "2436"]
[BlackElo "2171"]
[Annotator "TA"]
[PlyCount "81"]
[EventDate "2018.??.??"]
[EventType "swiss"]
[EventCountry "URU"]
[SourceTitle "playchess.com"]
[Source "ChessBase"]
[SourceQuality "1"]

{[%evp 23,81,0,0,0,-3,-8,0,-2,12,0,6,0,0,0,0,0,0,0,-4,-5,0,-12,175,171,160,172,177,169,167,170,195,193,223,171,175,175,268,273,215,173,255,254,262,265,283,278,283,277,275,274,265,236,310,290,491,338,319,292,243,247]} 1. e4 d6 2. d4 Nf6 3. Nc3 g6 4. Be3 c6 5. h3 Bg7 6. Nf3 O-O 7. Bd3 Nbd7 8. O-O e5 9. dxe5 dxe5 10. Qd2 Qe7 11. Ne2 {B08: Pirc Defence: Classical System} (11. a4 a5 12. Ne2 Nh5 13. Rfd1 Nc5 14. Qc3 Ne6 15. Bc4 Nef4 16. Nxf4 Nxf4 17. Bc5 Qf6 18. Bxf8 Kxf8 {1-0 (54) Dominguez Perez,L (2732)-Onischuk,V (2612) Berlin 2015}) 11... Nc5 12. Qb4 Nfd7 {LiveBook: 4 Games} 13. a4 {The position is equal.} a5 14. Qa3 Bf6 15. Qc3 $146 ({Predecessor:} 15. Ng3 Nxd3 16. Qxd3 Re8 17. Rfd1 Nf8 18. b3 Ne6 {½-½ (60) Siebrecht,S (2366)-Kindermann,S (2536) Bad Wiessee 2004}) 15... Ne6 16. Bc4 Re8 17. Bxe6 Qxe6 18. Rfd1 Be7 19. Ng5 {[%cal Bf3g5,Bg5f7,Bf7h6][%mdl 32]} Qf6 $1 20. Nc1 Bb4 21. Qc4 $36 {[%mdl 2048] White has good play.} b6 22. Nd3 Ba6 $2 {[#]} (22... Bf8 $11) 23. Qxf7+ $1 $18 {[%mdl 512]} Qxf7 24. Nxf7 Bxd3 25. Rxd3 Nc5 {[#]} 26. Nh6+ $1 Kh8 27. Rd6 Rac8 28. Rdd1 {Threatens to win with Nf7+.} Nxe4 29. Bxb6 Kg7 (29... Nf6 {was necessary.} 30. Nf7+ Kg8) 30. Ng4 Re7 31. Ne3 Bc5 (31... Rb8 $142) 32. Bxc5 ({Much less strong is} 32. Bxa5 $6 Bd4 $16) 32... Nxc5 33. Nc4 Nb7 34. Ra3 e4 35. Rg3 Kf6 36. Rc3 Rce8 37. Rd4 c5 38. Rd1 Rc8 $2 (38... Rd8 {keeps fighting.}) 39. Rb3 Rc6 40. Rxb7 Rxb7 41. Nxa5 {Precision: White = 70%, Black = 41%.} 1-0

[Event "American Continental-ch 2018"]
[Site "Montevideo"]
[Date "2018.06.07"]
[Round "7"]
[White "Fernandez Cardoso, Alexey"]
[Black "Curi, Gabriel"]
[Result "0-1"]
[WhiteElo "2429"]
[BlackElo "2141"]
[Annotator "TA"]
[PlyCount "144"]
[EventDate "2018.??.??"]
[EventType "swiss"]
[EventCountry "URU"]
[SourceTitle "playchess.com"]
[Source "ChessBase"]
[SourceQuality "1"]

{[%evp 25,144,35,25,-21,92,88,134,128,122,129,119,127,127,127,118,114,169,185,173,180,155,173,163,180,183,191,195,55,122,96,139,0,0,0,0,0,0,0,0,0,0,0,0,0,0,0,0,0,0,0,0,0,0,0,0,0,0,0,0,0,8,20,21,6,13,0,0,0,0,0,0,0,0,0,0,0,0,0,0,0,0,0,0,0,0,0,0,0,0,0,0,0,0,0,0,0,0,0,0,0,0,0,0,-29,0,0,0,0,0,-346,-342,-600,-553,-12839,-12840,-12840,-738,-849,-781,-12843,-12843]} 1. e4 e6 2. d4 d5 3. Nd2 Nf6 4. e5 Nfd7 5. f4 c5 6. c3 Nc6 7. Ndf3 Be7 8. g3 Qb6 9. Ne2 cxd4 10. cxd4 f6 11. Bh3 fxe5 12. fxe5 O-O {C11: French: Classical System: 4 e5 and 4 Bg5 dxe4} 13. Rf1 (13. Nf4 Kh8 14. Rf1 Nd8 15. Bg4 Nb8 16. h4 Bd7 17. h5 Be8 18. Kf2 a5 19. Kg2 a4 20. Ng5 {1-0 (38) Jansa,V (2443)-Kindermann,S (2506) Germany 2014}) 13... Kh8 {LiveBook: 4 Games} 14. Bg4 Bb4+ $146 ({Don't play} 14... h5 $6 15. Bxh5 Bb4+ 16. Bd2 $18) (14... Qb4+ $11 {remains equal.} 15. Bd2 Qxb2) ({Predecessor:} 14... Qb4+ 15. Nc3 Qc4 16. Bxe6 Ndxe5 17. Bxd5 Nd3+ 18. Kd2 Qa6 19. Be4 Ndb4 20. Qe2 {0-1 (28) Bocksberger,S-Thiemonds,U Germany 1988}) 15. Bd2 $16 Rxf3 16. Bxf3 Nxd4 17. Nxd4 Qxd4 18. Bxb4 Qxb4+ 19. Qd2 Qe7 20. Qd4 b6 (20... Nb8 $16) 21. Be2 $18 Bb7 22. Rc1 $1 {[%cal Rc1c7] aiming for Rc7.} Nc5 23. Qh4 Qd7 {[#]} 24. Qf4 $1 {[%cal Rf4f8] Qf8+! would kill now.} Kg8 {[#]} 25. b4 $1 {[%cal Rb4c5]} Ne4 26. Bd3 ({White should play} 26. Bh5 $18 g6 27. Bxg6 hxg6 28. Qh6) 26... Qe7 ({Better is} 26... a5 $14) 27. Ke2 $16 h6 28. b5 (28. a3 $16) 28... a6 $1 $11 29. a4 axb5 $1 30. axb5 Ra4 {Hoping for ...Nc5.} 31. Qe3 d4 32. Qf4 Nc5 33. Ra1 {Black must now prevent Rxa4.} Nxd3 34. Kxd3 Ra3+ 35. Rxa3 Qxa3+ 36. Kxd4 {[%mdl 4096] Endgame KQR-KQB} Qc5+ 37. Kd3 Qxb5+ 38. Kc3 Bd5 39. Rc1 Qe2 40. Rc2 Qb5 41. Qb4 Qf1 42. Kb2 Qf5 43. Qd4 Kh7 44. Rf2 Qh5 $1 45. h4 b5 {[%cal Bb6b5,Bb5b4][%mdl 32]} 46. Kc3 {Threatens to win with Rf8.} Qe8 47. g4 Qe7 48. h5 b4+ 49. Kb2 b3 50. Rf1 Qh4 51. Qd3+ Kg8 52. Qe2 Qd8 53. Rc1 {Strongly threatening Qa6.} Qa8 {( -> ...Qa2+)} 54. Ra1 Qb8 55. Ra4 Qc7 56. Ra6 Qc5 57. Ra4 Qc7 58. Ra1 Qb8 59. Qe3 Qc7 {...Qc2+ is the strong threat.} 60. Rc1 Qd8 61. Qd2 Qa8 {And now ...Qa2+ would win.} 62. Ra1 Qb8 63. Qc3 Qb6 64. Qd3 Qb8 65. Qd4 Qb5 66. Qe3 Qc4 67. Qf2 $2 {[%mdl 8192]} (67. Rc1 $1 $11 {and White has nothing to worry.} Qa6 68. Ra1) 67... Qxg4 $19 68. Ra7 $2 (68. Qe3) 68... Qxh5 {Black is clearly winning.} 69. Ka3 Qxe5 70. Rd7 Qa1+ (70... Qc3 $142 71. Rxd5 exd5) 71. Kb4 Qf6 72. Qg1 b2 {Precision: White = 57%, Black = 65%.} 0-1

[Event "American Continental-ch 2018"]
[Site "Montevideo"]
[Date "2018.06.07"]
[Round "7"]
[White "Quintiliano Pinto, Renato R."]
[Black "Betaneli, Alexander"]
[Result "1/2-1/2"]
[WhiteElo "2423"]
[BlackElo "2246"]
[Annotator "TA"]
[PlyCount "111"]
[EventDate "2018.??.??"]
[EventType "swiss"]
[EventCountry "URU"]
[SourceTitle "playchess.com"]
[Source "ChessBase"]
[SourceQuality "1"]

{[%evp 21,111,34,61,-7,-2,0,0,0,0,18,23,-16,0,0,0,-2,16,14,35,13,31,28,33,12,5,12,11,-6,-10,-116,-114,-113,-104,-113,-100,-104,-82,-89,-83,-103,-109,-108,-37,-40,-51,-54,-25,-19,-31,-43,-8,-8,-8,-9,-8,-8,-8,-12,-6,-8,-6,-27,-40,-34,-38,-27,-18,-38,-35,-18,-8,-8,-8,-8,-8,-8,-8,-9,-8,-8,-8,-8,-8,-8,-8,-8,-8,-8,-8,-8,-8,-8]} 1. e4 e5 2. Nf3 Nc6 3. Bb5 a6 4. Ba4 d6 5. c3 Bd7 6. O-O g6 7. d4 Bg7 8. Re1 Nf6 9. Nbd2 O-O 10. h3 Re8 {C60: Ruy Lopez: Unusual Black 3rd moves and 3...g6} (10... h6 11. Nf1 Re8 12. Ng3 b5 13. Bc2 exd4 14. cxd4 Nb4 15. Bb1 c5 16. d5 a5 17. a3 Na6 18. Bf4 {1-0 (57) Ivanchuk,V (2726)-Mamedyarov,S (2799) Huaian 2017}) 11. Bc2 Qe7 {LiveBook: 8 Games} 12. dxe5 (12. d5 $14 Nd8 13. Nb3) 12... Nxe5 $11 13. Nxe5 Qxe5 14. Nf3 Qh5 $146 ({Predecessor:} 14... Qe7 15. e5 dxe5 16. Rxe5 Be6 17. Bb3 Rad8 {0-1 (55) Stern,D-Timmerman,G Germany 1986}) 15. Bf4 Bc6 {[%cal Rc6e4]} 16. Nd2 (16. Qb1 {looks sharper.} Nd7 17. Nd4 a5 18. a4 Bh6 19. Qc1) 16... Qxd1 17. Raxd1 b5 18. f3 Re7 19. Nb3 Rae8 20. Nd4 Bb7 21. a4 b4 $1 22. cxb4 Nd5 $1 {[%cal Rd5f4]} 23. Bg5 Nxb4 24. Bb1 Rd7 25. Nb3 (25. Nc2 $11 Nxc2 26. Bxc2) 25... Bc6 $17 26. Na5 {Black should prevent Bd2.} Bxa4 27. b3 {[#] aiming for Bd2.} Bb5 28. Bd2 Nd3 29. Bxd3 Bxd3 30. Rc1 c5 {Threatens to win with ...Bb2.} 31. Bc3 Bb5 (31... f5 $17 {[%cal Rf5e4]} 32. Bxg7 Kxg7 33. exf5 Rxe1+ 34. Rxe1 Bxf5) 32. Bxg7 $15 Kxg7 33. Red1 f5 34. exf5 gxf5 35. Rd5 Re5 36. Rxe5 dxe5 37. Rxc5 $11 {[%mdl 4096] Endgame KRB-KRN} Rd1+ 38. Kf2 Rd2+ 39. Kg1 Kf6 40. Nc4 Rc2 41. g4 fxg4 42. hxg4 Kg5 {White must now prevent ...Kf4.} 43. Rxe5+ Kf4 44. Rh5 Kg3 {[%cal Rc2c1] [#]} 45. Kf1 Kxf3 {[%cal Rc2c1] The position is equal.} 46. Rh3+ Kxg4 47. Rxh7 Rc3 48. Rg7+ Kf4 (48... Kf5 {is more complex.} 49. Ke1 Rxb3 50. Nd6+ Kf6 51. Rb7 Re3+) 49. Rf7+ Ke4 50. Ke1 Kd4 51. Rf4+ Kd3 52. Rf3+ Kc2 53. Rxc3+ Kxc3 54. Kd1 Kxb3 55. Kc1 Bxc4 56. Kb1 {Precision: White = 62%, Black = 54%.} 1/2-1/2

[Event "American Continental-ch 2018"]
[Site "Montevideo"]
[Date "2018.06.07"]
[Round "7"]
[White "Slipak, Sergio"]
[Black "Balzano, Ivan"]
[Result "1/2-1/2"]
[WhiteElo "2420"]
[BlackElo "2142"]
[Annotator "TA"]
[PlyCount "31"]
[EventDate "2018.??.??"]
[EventType "swiss"]
[EventCountry "URU"]
[SourceTitle "playchess.com"]
[Source "ChessBase"]
[SourceQuality "1"]

{[%evp 20,31,22,19,31,8,12,0,0,0,0,-13,4,0]} 1. c4 Nf6 2. Nc3 c5 3. g3 Nc6 4. Bg2 e6 5. Nf3 Be7 6. O-O O-O 7. d4 cxd4 8. Nxd4 d5 9. cxd5 Nxd5 10. Nxc6 bxc6 11. Bd2 Ba6 {A33: Symmetrical English: 2 Nf3 Nf6 3 d4 cxd4 4 Nxd4 e6 5 Nc3 Nc6} 12. Na4 Rb8 {The position is equal.} 13. Rc1 {[#]} c5 $146 ({Predecessor:} 13... Bb5 14. Bf3 Bxa4 15. Qxa4 Rxb2 16. Rfd1 Qa8 17. Rxc6 Rxa2 18. Qxa2 Qxc6 19. Qxa7 {½-½ (28) Macieja,B (2470)-Vaulin,A (2530) Koszalin 1997}) 14. b3 Rc8 15. Nb2 Nb6 16. Nc4 1/2-1/2

[Event "American Continental-ch 2018"]
[Site "Montevideo"]
[Date "2018.06.07"]
[Round "7"]
[White "Thavandiran, Shiyam"]
[Black "Alonso, Salvador"]
[Result "1/2-1/2"]
[WhiteElo "2417"]
[BlackElo "2519"]
[Annotator "TA"]
[PlyCount "149"]
[EventDate "2018.??.??"]
[EventType "swiss"]
[EventCountry "URU"]
[SourceTitle "playchess.com"]
[Source "ChessBase"]
[SourceQuality "1"]

{[%evp 38,149,44,46,58,44,39,31,47,37,49,44,54,46,64,51,71,79,79,67,52,62,54,67,112,107,123,88,140,136,191,201,184,189,239,202,254,255,293,264,295,213,228,216,198,147,151,151,150,151,158,156,200,200,196,184,184,181,161,135,275,235,409,0,312,0,394,375,337,201,206,192,173,249,251,251,259,247,254,191,246,247,365,297,439,411,337,310,310,310,310,175,202,175,252,197,214,0,0,0,0,0,0,0,0,0,0,0,0,0,0,0,0,0]} 1. e4 c5 2. Nf3 e6 3. d4 cxd4 4. Nxd4 Nc6 5. Nc3 Qc7 6. Be2 a6 7. O-O Nf6 8. Be3 {[%cal Bc1e3,Be3d4,Bd4e5,Be5c3][%mdl 32]} Bb4 9. Na4 Be7 10. Nxc6 bxc6 11. Nb6 Rb8 12. Nxc8 Qxc8 13. Bd4 c5 14. Be5 Rb6 15. Qd3 d6 {B49: Sicilian: Taimanov: 5 Nc3 Qc7 6 Be3 a6 7 Be2} 16. Bc3 O-O 17. b3 (17. Rad1 Qc6 18. e5 Nd5 19. Bf3 c4 20. Qd2 dxe5 21. Bxe5 Rd8 22. b3 Rb5 23. bxc4 Qxc4 {1-0 (88) Ponomariov,R (2709)-Neiksans,A (2631) Tallinn 2016}) 17... d5 18. exd5 Nxd5 19. Be5 Bf6 20. Bxf6 {LiveBook: 25 Games} Nxf6 21. Rad1 Qc7 22. Rd2 a5 {[%cal Ba6a5,Ba5a4][%mdl 32]} 23. Rfd1 a4 $146 24. Bf3 h6 25. g3 Rc8 26. Qc4 Rb4 27. Qa6 axb3 28. cxb3 Rcb8 29. Rc2 R4b5 30. Rd6 Ra5 31. Rc6 $1 Qd8 32. Qc4 Rb4 (32... Nd7 $142) 33. Qc3 $16 Rd4 (33... Qd4 $16) 34. Rxc5 $18 Rxc5 35. Qxc5 Kh7 36. Qc7 Qf8 37. Kg2 Rd7 38. Qc5 Qd8 39. Qc8 Qa5 40. Qc3 Qf5 41. Rd2 ({White should play} 41. Qc5 $18) 41... Ne4 $16 42. Bxe4 $1 Qxe4+ 43. f3 Rxd2+ 44. Qxd2 {[%mdl 4096] Endgame KQ-KQ} Qb1 45. b4 f5 46. a4 {[%cal Ba2a4,Ba4a5][%mdl 32]} e5 47. a5 e4 48. fxe4 Qxe4+ (48... fxe4 $16 {keeps fighting.} 49. a6 e3) 49. Kg1 Qb1+ $2 (49... h5 50. a6 h4) 50. Kg2 Qe4+ 51. Kg1 Qb1+ $1 52. Kf2 Qh1 53. Qf4 (53. Qd3 $142) 53... Qxh2+ $18 54. Ke3 $1 Qc2 55. Kd4 g5 56. Qe3 Qb2+ 57. Kc4 Qa2+ 58. Kc5 {Kb6 is the strong threat.} Qc2+ {[#]} (58... Qf7 $142 59. Qd3 Qe7+ 60. Kc4 Qe6+ 61. Kc3 Kg6) 59. Kd5 $1 Qa2+ (59... Kg6 $142 60. Qe8+ Kg7) 60. Ke5 Kg6 (60... Qf7 {is a better defense.} 61. Qd3 Kg6 62. Qd6+ Kg7) 61. Qb6+ Kh5 62. Kxf5 {[%csl Gf5][%cal Rb6g6]} Qd5+ 63. Kf6 Qf3+ 64. Ke6 (64. Ke7 $142) 64... Qxg3 {[#]} 65. a6 $1 {[%cal Ra6a7]} Qg4+ (65... Qd3 $142 66. Qb7 Kg4) 66. Kd6 {Threatens to win with a7.} Qf4+ 67. Kd7 $2 (67. Ke7 $18) 67... Qf7+ $11 {The position is equal.} 68. Kc6 {Hoping for b5.} Qe6+ 69. Kc7 Qe7+ 70. Kc6 {aiming for b5.} Qe6+ 71. Kc5 Qe3+ 72. Kb5 Qe2+ 73. Kc6 {Strongly threatening b5.} Qe6+ 74. Kc7 Qe7+ 75. Kc6 {Precision: White = 73%, Black = 53%.} 1/2-1/2

[Event "American Continental-ch 2018"]
[Site "Montevideo"]
[Date "2018.06.07"]
[Round "7"]
[White "Gemy, Jose Daniel"]
[Black "Carvalho, Herbert Abreu"]
[Result "1-0"]
[WhiteElo "2393"]
[BlackElo "2149"]
[Annotator "TA"]
[PlyCount "61"]
[EventDate "2018.??.??"]
[EventType "swiss"]
[EventCountry "URU"]
[SourceTitle "playchess.com"]
[Source "ChessBase"]
[SourceQuality "1"]

{[%evp 17,61,19,16,0,38,36,43,36,63,22,50,55,64,55,270,265,275,270,296,300,343,345,322,338,453,443,416,412,487,469,479,479,464,466,465,463,466,454,650,643,632,595,595,595,572,545]} 1. e4 g6 2. d4 Bg7 3. Nf3 d6 4. h3 Nf6 5. Bd3 O-O 6. O-O c5 7. c3 Qc7 8. Re1 e5 {B07: Pirc-Ufimzew-Verteidigung} 9. dxe5 dxe5 {LiveBook: 9 Partien} 10. Bc4 Nbd7 $146 {Die Stellung ist ausgeglichen.} ({Vorgänger:} 10... Nc6 11. Bg5 Nh5 12. a4 h6 13. Be3 Na5 14. Bf1 c4 15. Na3 Rd8 16. Qe2 {0-1 (52) Trabert,B (2220)-Tseitlin,M (2530) Biel 1997}) 11. a4 Nb6 12. Bf1 Bd7 13. Nbd2 Bc6 14. b4 a5 15. bxc5 Nxa4 $2 {[#]} (15... Nbd7 $14) 16. Rxa4 $18 Bxa4 17. Qxa4 Nd7 18. Nb3 Rfc8 19. Be3 Bf8 20. Rd1 Nxc5 21. Nxc5 Bxc5 22. Rd7 Qb6 23. Qc4 {Weiß steht klar auf Gewinn.} ({Nicht} 23. Bxc5 Rxc5 24. Bc4 Kh8 $18) 23... Qe6 24. Qxe6 ({Schlechter ist} 24. Bxc5 Qxd7 25. Nxe5 Qe6 $17) 24... fxe6 25. Bc4 Bxe3 26. Bxe6+ Kh8 27. fxe3 Rc6 (27... Re8 $142) 28. Bd5 {[#] jetzt Sg5 und aus.} Rac8 29. Bxc6 Rxc6 30. Rxb7 Rxc3 31. Ra7 {Precision: Weiß = 77%, Schwarz = 26%.} 1-0

[Event "American Continental-ch 2018"]
[Site "Montevideo"]
[Date "2018.06.07"]
[Round "7"]
[White "Santarius, Erik"]
[Black "Salinas Herrera, Pablo"]
[Result "1/2-1/2"]
[WhiteElo "2387"]
[BlackElo "2463"]
[Annotator "TA"]
[PlyCount "191"]
[EventDate "2018.??.??"]
[EventType "swiss"]
[EventCountry "URU"]
[SourceTitle "playchess.com"]
[Source "ChessBase"]
[SourceQuality "1"]

{[%evp 19,191,-13,5,-41,22,-29,28,0,15,0,45,-12,-13,-96,-105,-90,-83,-134,-16,-114,-86,-205,-43,-47,-2,-60,0,0,8,16,22,18,95,88,70,80,79,66,91,70,93,39,22,16,138,131,123,10,10,-49,6,-143,-160,-156,-134,-141,0,0,50,58,73,70,52,0,0,0,0,0,0,0,0,-8,0,0,0,0,0,-17,-14,-46,0,0,0,-8,-8,-12,-8,-8,-7,-8,-8,-56,-56,-56,-49,-49,-49,-60,-60,-60,-60,-60,-45,-45,0,-60,-32,-45,-42,-45,-45,-60,-52,-73,-73,-73,-73,-73,-73,-73,-73,-73,-73,-73,-73,-73,-73,-73,-73,-73,-73,-73,-73,-73,-73,-73,-73,-73,-72,-72,-72,-72,-72,-72,-72,-72,-72,-72,-72,-72,-72,-72,-72,-72,-72,-72,-72,-72,-72,-72,-72,-72,-72,-72,-72,-72,-72,-72,-8,-8,-8,-8,-8,-8]} 1. d4 Nf6 2. c4 e6 3. Nf3 d5 4. g3 Bb4+ 5. Bd2 Be7 6. Bg2 O-O 7. O-O c6 8. Qc2 Nbd7 9. b4 {E11: Damenindisch (Bogoljubow-Variante)} (9. Rc1 b6 10. a4 Ne4 11. Be1 a5 12. Nbd2 Nxd2 13. Nxd2 Bf6 14. cxd5 cxd5 15. e4 Bxd4 16. Nb3 Bf6 17. exd5 exd5 18. Bxd5 {½-½ (28) Grischuk,A (2767)-Karjakin,S (2763) Berlin 2018}) 9... Ne4 10. Be1 f5 {LiveBook: 4 Partien} 11. b5 Bd6 $146 (11... cxb5 $15 12. cxb5 g5) ({Vorgänger:} 11... cxb5 12. cxd5 Nb6 13. Ba5 exd5 14. Qb3 Qd6 15. Nc3 Nxc3 16. Bxc3 b4 {0-1 (30) Thorfinnsson,B (2390)-Thesing,M (2425) Eforie Nord 2010}) 12. Nbd2 (12. Nc3 $142) 12... Ndf6 ({Lieber} 12... cxb5 13. c5 Bc7) 13. bxc6 bxc6 14. Nb3 Qe8 15. a3 (15. c5 $14 Bb8 16. Rc1) 15... Ba6 $11 16. Na5 (16. cxd5 $11 cxd5 17. Ne5) 16... Rc8 $17 17. c5 Bc7 18. Nb3 (18. a4 $142) 18... g5 (18... f4 $17 19. Bh3 fxg3 20. fxg3 Kh8) 19. Ba5 (19. Ne5 $11 Bxe5 20. dxe5) 19... Bb8 $1 20. Nc1 {[#]} (20. Ne5 $17 {war angesagt.} g4 21. Rfb1) 20... Ng4 $2 (20... f4 $1 $19 {[%cal Rf4g3]} 21. Nd2 Nxd2 22. Qxd2 Qh5) 21. Nd3 $15 Qh5 22. Rab1 (22. Be1 $1 $11) 22... Nh6 (22... Rf6 $1 $15) 23. Nfe5 $11 Bxe5 24. Nxe5 Bxe2 25. Rfe1 Ba6 (25... Ng4 $1 $11 26. Nxg4 (26. Rxe2 Qxh2+ 27. Kf1 Nexf2 $14) 26... Bxg4) 26. f3 $16 ({Schwächer ist} 26. Bxe4 fxe4 27. Rb2 Ng4 $17) 26... Nf6 27. Bd2 $36 {[%mdl 2048] Schwarz muss aufpassen.} g4 28. Qa4 Bb5 $1 {[%cal Rb5a4]} 29. Qxa7 {Und weiter mit a4 wäre nett.} gxf3 30. Bxf3 (30. Nxf3 $16 Ne4 31. Bf4) 30... Nhg4 $14 {[%csl Gg4][%cal Rh5h2]} 31. h4 {a4 ist eine echte Drohung.} Ne4 (31... Qe8 $11 {bleibt in der Remisbreite.}) 32. Bf4 $16 Ra8 33. Qb6 (33. Qc7 $16) 33... Qe8 $1 $11 {zielt auf ...Sxe5 ab.} 34. Rxb5 (34. Nxg4 $11 fxg4 35. Bxe4 dxe4 36. Qc7) 34... cxb5 (34... Nxe5 $1 $15 35. Rb3 (35. Bxe5 cxb5 36. Re3 Nd2 $15) 35... Nc4) 35. c6 {[#]} (35. Nxg4 $11 {hält das Gleichgewicht.} fxg4 36. Bxg4) 35... Nxe5 $1 $17 36. Bxe5 Nd2 37. Be2 f4 (37... Rxa3 $17 38. h5 Nc4 39. Bxc4 bxc4) 38. gxf4 $11 ({Natürlich nicht} 38. Bxf4 Rxf4 39. gxf4 Qg6+ 40. Kh2 Qe4 $17) 38... Qe7 (38... Rxa3 $5 39. Kh2 $8 Qg6 $11) 39. Qb7 Ra7 $1 {[%cal Ra7b7]} 40. Qxe7 Rxe7 41. Kh1 ({Günstiger ist} 41. Kf2 $1 $14 Ne4+ 42. Ke3) 41... Rc8 $1 {[%cal Rc8c6]} 42. Rg1+ Kf8 43. Bd6 {Und Lb4 würde nun gewinnen.} Rxc6 44. Bxe7+ Kxe7 45. Bxb5 {[%mdl 4096] Endspiel KTL-KTS} Rc3 46. Rg7+ Kf6 47. Rxh7 Rxa3 48. Be8 Kf5 49. Kg2 Kxf4 50. Rf7+ Kg4 51. Rg7+ Kxh4 {Droht stark ...Sb3.} 52. Rg6 Nf3 53. Rxe6 Nxd4 54. Rh6+ Kg4 55. Bd7+ Kf4 56. Rh4+ Ke5 57. Rh5+ Kd6 58. Be8 Ra7 59. Kf2 Re7 60. Bg6 Re2+ 61. Kf1 Re7 62. Kf2 $1 Ne6 63. Rf5 Nd8 64. Bh5 Nc6 65. Bf3 Ne5 {[#]} 66. Bxd5 $1 {[%mdl 512]} Kxd5 $15 {KTS-KT} 67. Ke3 Rg7 68. Rf8 Rg3+ 69. Kd2 Nc4+ 70. Kc2 Nb6 71. Rb8 Kc5 72. Rf8 Re3 73. Kd2 Nc4+ 74. Kc2 Nd6 75. Rd8 Ne4 76. Rc8+ Kd4 77. Rd8+ Ke5 78. Re8+ Kf4 79. Rf8+ Kg3 80. Kb2 Nf2 81. Kc2 Kg2 82. Kd2 Rg3 83. Kc2 Kf1 84. Re8 Rf3 85. Kd2 Ra3 86. Re1+ Kg2 87. Re8 Rd3+ 88. Ke2 Rd4 89. Ke3 Ra4 90. Rg8+ Kf1 91. Kf3 Nd3 92. Rh8 {[%cal Rh8h1]} Ne1+ 93. Ke3 Rh4 (93... Ra3+ $17 94. Kd4 Kf2) 94. Rxh4 $11 {Die Stellung ist ausgeglichen.} Ng2+ 95. Kf3 {[%cal Rh4h1]} Nxh4+ 96. Ke4 {Precision: Weiß = 43%, Schwarz = 54%.} 1/2-1/2

[Event "American Continental-ch 2018"]
[Site "Montevideo"]
[Date "2018.06.07"]
[Round "7"]
[White "Ruiz Castillo, Joshua Daniel"]
[Black "Vera Siguenas, Deivy"]
[Result "1/2-1/2"]
[WhiteElo "2378"]
[BlackElo "2516"]
[Annotator "TA"]
[PlyCount "46"]
[EventDate "2018.??.??"]
[EventType "swiss"]
[EventCountry "URU"]
[SourceTitle "playchess.com"]
[Source "ChessBase"]
[SourceQuality "1"]

{[%evp 14,46,44,24,24,1,20,0,0,0,6,0,0,0,0,0,0,0,0,0,48,7,0,8,7,0,0,0,0,-17,22,22,22,0,0]} 1. e4 c6 2. d4 d5 3. e5 Bf5 4. h4 h5 5. c4 e6 6. Nc3 Nd7 7. cxd5 cxd5 8. Bg5 Qb6 {B12: Caro-Kann: Advance Variation} (8... Be7 9. Qd2 a6 10. Nge2 Bxg5 11. hxg5 Ne7 12. Nf4 Qb6 13. Rxh5 O-O-O 14. Rc1 Nc6 15. Ncxd5 exd5 16. Rxh8 Rxh8 17. Nxd5 {1-0 (28) Maiwald,J (2484)-Rausis,I (2520) Austria 2008}) 9. Qd2 Ne7 10. Na4 Qc6 11. Nc3 {[#] Hoping for Nb5.} a6 12. Rc1 Qb6 13. Be2 Nc6 14. Nf3 Bg4 {[#] Strongly threatening ...Bxf3.} 15. Be3 Be7 16. g3 O-O-O $146 ({Predecessor:} 16... O-O 17. O-O Qd8 18. Ng5 Bxe2 19. Qxe2 {1-0 (25) Berch,N-Foulon,D ICCF email 1999}) 17. Na4 Qb4 {The position is equal.} 18. Qxb4 Bxb4+ 19. Nd2 Bxe2 20. Kxe2 Kb8 21. Nb3 Na5 22. Nxa5 Bxa5 23. Nc5 Nxc5 {Precision: White = 36%, Black = 73%.} 1/2-1/2